Forest biodiversity research, monitoring, and modeling : (Registro nro. 847)
[ vista simple ]
| 000 -CABECERA | |
|---|---|
| Campo de control | 01085pam a2200253 a 4500 |
| 005 - FECHA Y HORA DE LA ULTIMA TRANSACCION | |
| Campo de control | 20160629172535.0 |
| 008 - ELEMENTOS DE LONGITUD FIJA—INFORMACION GENERAL | |
| Campo de control | 980109s1998 fr ab b 101 0 eng |
| 020 ## - ISBN | |
| ISBN | 9231034081 (UNESCO) |
| 020 ## - ISBN | |
| ISBN | 1850709637 (Parthenon) |
| 040 ## - FUENTE DE CATALOGACIÓN | |
| Agencia catalogadora original | DLC |
| Agencia transcriptora | DLC |
| Agencia Modificadora | DLC |
| -- | WaU |
| -- | DLC |
| -- | CO-BoIAVH |
| 041 0# - IDIOMA | |
| Código de idioma para texto/pista de sonido o título separado | Inglés |
| 044 ## - PAÍS DE PUBLICACIÓN | |
| País de publicación | Francia |
| 082 00 - NUMERO DE CLASIFICACION DECIMAL DEWEY | |
| Número de clasificación | 577.3072 |
| Número del ítem | F71b |
| 245 00 - MENCION DE TITULO | |
| Título | Forest biodiversity research, monitoring, and modeling : |
| Parte restante del título | conceptual background and Old World case studies / |
| Mención de responsabilidad | editado por F. Dallmeier and J.A. Comiskey. |
| 260 ## - PUBLICACION, DISTRIBUCION, ETC. (PIE DE IMPRENTA) | |
| Lugar de publicación, distribución, etc. | Paris : |
| Nombre del editor, distribuidor, etc. | UNESCO ; |
| Lugar de publicación, distribución, etc. | New York : |
| Nombre del editor, distribuidor, etc. | Parthenon Pub. Group, |
| Fecha de publicación, distribución, etc. | 1998. |
| 300 ## - DESCRIPCION FISICA | |
| Extensión | xxiii, 671 páginas : |
| Otros detalles físicos | ilustraciones (algunas a color), mapas (algunos a color) ; |
| Dimensiones | 24 x 16 cm. |
| 504 ## - NOTA DE BIBLIOGRAFIA, ETC. | |
| Nota de bibliografía | Incluye referencias bibliográficas e índice. |
| 650 24 - ASIENTO SECUNDARIO DE MATERIA - TERMINO TEMATICO | |
| Término temático o nombre geográfico como elemento de entrada | Biodiversidad forestal |
| Subdivisión general | Investigación |
| Subdivisión de forma | Congresos |
| 9 (RLIN) | 72652 |
| 650 24 - ASIENTO SECUNDARIO DE MATERIA - TERMINO TEMATICO | |
| Término temático o nombre geográfico como elemento de entrada | Biodiversidad forestal |
| Subdivisión general | Monitoreo |
| Subdivisión de forma | Congresos |
| 9 (RLIN) | 72653 |
| 650 26 - ASIENTO SECUNDARIO DE MATERIA - TERMINO TEMATICO | |
| Término temático o nombre geográfico como elemento de entrada | Ecología forestal |
| Subdivisión de forma | Congresos |
| 9 (RLIN) | 72654 |
| 700 1# - ASIENTO SECUNDARIO - NOMBRE PERSONAL | |
| Nombre personal | Dallmeier, Francisco |
| Término de relación | editor |
| 9 (RLIN) | 11505 |
| 700 1# - ASIENTO SECUNDARIO - NOMBRE PERSONAL | |
| Nombre personal | Comiskey, J. A. |
| Forma más completa del nombre | (James A.), |
| Término de relación | editor |
| 9 (RLIN) | 72655 |
| 942 ## - ELEMENTOS ADICIONALES (KOHA) | |
| Sistema de clasificación | Dewey Decimal Classification |
| Tipo de ítem | Libro |
| Withdrawn status | Lost status | Sistema de Clasificación | Damaged status | No para préstamo | Colección | Inventariado | Ubicación Permanente | Ubicación actual | Fecha de adquisición | Valor | Total Checkouts | Número topográfico | Inventario / Código de Barras | Date last seen | Ejemplar | Price effective from | Forma de adquisición | Tipo de material |
|---|---|---|---|---|---|---|---|---|---|---|---|---|---|---|---|---|---|---|
| Dewey Decimal Classification | General | Inventariado 2017 | Bogotá | Bogotá | 11/12/1998 | 39000.00 | LB-577.3072 F71b | 004807 | 04/12/2012 | Ej. 1 | 04/12/2012 | Donación | Libro |